Statistics for Kardashian Family Members by Picture

Click here to take the quiz!

General Stats

  • This quiz has been taken 31,754 times
    (11,562 since last reset)
  • The average score is 11 of 15

Answer Stats

Answer% Correct
Kim Kardashian
99%
Kanye West
95%
Kylie Jenner
92%
Khloé Kardashian
91%
Kendall Jenner
88%
Kris Jenner
86%
Caitlyn Jenner
84%
Kourtney Kardashian
83%
Travis Scott
78%
Robert Kardashian
64%
Scott Disick
64%
Blac Chyna
53%
Tristan Thompson
46%
Lamar Odom
45%
Brandon Jenner
14%

Score Distribution

Percentile by Number Answered

Percent of People with Each Score

Your Score History

You have not taken this quiz since the last reset